| 000 | 00678nam a2200193 a 4500 | ||
|---|---|---|---|
| 005 | 20140414093832.0 | ||
| 008 | 020926s19uu xx 00 eng d | ||
| 050 |
_aVHS 900 _bOR 19 |
||
| 100 | _aTime Life | ||
| 245 |
_aMesopotamia _breturn to Eden _cTime Life ; narrated by Sam Waterston |
||
| 260 |
_aSingapore _bTime Life Asia _cc1995 |
||
| 300 | _a45 mins. | ||
| 440 | _aTime Life's Civilization | ||
| 520 | _aThe great world traditions of the Christian, Jewish and Muslim faiths all trace the roots of their civilizations to the river valleys of Mesopotamia's Fertile Crescent. | ||
| 650 | _aHistory. | ||
| 700 | _aWaterston, Sam | ||
| 942 | _cAVM | ||
| 999 |
_c108799 _d108799 |
||